A Móra-centenárium előkészületei
Elmentve itt :
| Dokumentumtípus: | Cikk |
|---|---|
| Megjelent: |
1979-02-09
|
| Sorozat: | Délmagyarország
69 No. 33 |
| Kulcsszavak: | Móra Ferenc |
| Online Access: | http://dmarchiv.bibl.u-szeged.hu/97619 |
| LEADER | 00404nab a2200145 i 4500 | ||
|---|---|---|---|
| 001 | delm97619 | ||
| 005 | 20190524110013.0 | ||
| 008 | 190524s1979 hu o 0|| hun d | ||
| 040 | |a SZTE Délmagyarország Archívum |b hun | ||
| 041 | |a hun | ||
| 245 | 0 | 2 | |a A Móra-centenárium előkészületei |h [elektronikus dokumentum] |
| 260 | |c 1979-02-09 | ||
| 300 | |a 3 | ||
| 490 | 0 | |a Délmagyarország |v 69 No. 33 | |
| 695 | |a Móra Ferenc | ||